Garcilaso y su época (Record no. 67479)

MARC details
000 -LEADER
campo de control de longitud fija 01063nam a2200253 i 4500
001 - NÚMERO DE CONTROL
campo de control 67479
003 - IDENTIFICADOR DE NÚMERO DE CONTROL
campo de control ES-MaACL
005 - FECHA Y HORA DE LA ÚLTIMA TRANSACCIÓN
campo de control 20250928093909.0
007 - CAMPO FIJO DE DESCRIPCIÓN FÍSICA--INFORMACIÓN GENERAL
campo de control de longitud fija t|
008 - DATOS DE LONGITUD FIJA--INFORMACIÓN GENERAL
campo de control de longitud fija 040601s2003 sp ||||0| spa d
020 ## - NÚMERO INTERNACIONAL ESTÁNDAR DEL LIBRO
Número Internacional Estándar del Libro 84-95486-71-7
040 ## - FUENTE DE CATALOGACIÓN
Centro catalogador/agencia de origen M-BN
Lengua de catalogación spa
Centro/agencia transcriptor M-BN
080 ## - NÚMERO DE LA CLASIFICACIÓN DECIMAL UNIVERSAL
Número de la Clasificación Decimal Universal 821.134.2 Garcilaso de la Vega 1.07(063)
245 00 - MENCIÓN DEL TÍTULO
Título Garcilaso y su época
Resto del título : del amor y la guerra /
Mención de responsabilidad, etc. editores, José María Díez Borque, Luis Ribot García.
260 ## - PUBLICACIÓN, DISTRIBUCIÓN, ETC.
Lugar de publicación, distribución, etc. Madrid :
Nombre del editor, distribuidor, etc. Sociedad Estatal de Conmemoraciones Culturales,
Fecha de publicación, distribución, etc. 2003.
300 ## - DESCRIPCIÓN FÍSICA
Extensión 273 p. ;
Dimensiones 24 cm.
500 ## - NOTA GENERAL
Nota general Actas del ciclo de conferencias "Garcilaso y su época: del amor y la guerra", en el marco de la Fundación Thyssen Bornemisza.
600 17 - PUNTO DE ACCESO ADICIONAL DE MATERIA--NOMBRE DE PERSONA
Nombre de persona Garcilaso de la Vega,
Fechas asociadas al nombre 1501-1536-
Subdivisión general Crítica e interpretación
Fuente del encabezamiento o término
9 (RLIN) 150105
700 1# - ENTRADA AGREGADA--NOMBRE PERSONAL
Nombre de persona Díez Borque, José María,
Fechas asociadas al nombre 1947-
9 (RLIN) 44682
700 1# - ENTRADA AGREGADA--NOMBRE PERSONAL
Nombre de persona Ribot García, Luis Antonio.
9 (RLIN) 96839
710 2# - ENTRADA AGREGADA--NOMBRE DE ENTIDAD CORPORATIVA
Nombre de entidad corporativa o nombre de jurisdicción como elemento de entrada Sociedad Estatal de Conmemoraciones Culturales (España)
9 (RLIN) 134893
852 ## - LOCALIZACIÓN
Ubicación ES-MaACL
Número de control de estantería L-27715
Sublocalización o colección R.133578
Holdings
Estatus retirado Estado de pérdida Estado de daño No para préstamo Biblioteca de origen Biblioteca actual Ubicación en estantería Fecha de adquisición Fuente de adquisición Total de préstamos Signatura topográfica completa Código de barras Visto por última vez Precio de reemplazo Tipo de ítem Koha
        Biblioteca del Ateneo de Madrid Biblioteca del Ateneo de Madrid Depósito 2 17/01/2008     L-27715 1070660 23/02/2023 23/02/2023 Libro impreso